| 000 | 02242nam a2200337Ia 4500 | ||
|---|---|---|---|
| 008 | 130821s1855 fr gr spa | ||
| 040 |
_aCo-BoUCM _bspa |
||
| 041 | 0 | _afre | |
| 092 | _aE14N013 | ||
| 100 | 1 |
_aBerriat-Saint-Prix, Jacques _b1769-1845 |
|
| 245 | 1 | 0 |
_aCours de procédure civile _cpar Jacques Berriat-Saint-Prix |
| 246 | 1 | 3 | _a[Curso de procedimiento civil] |
| 250 |
_aSeptiéme édition [7a ed.] _bRefordue en partie et mise au courtant de la legislation [refundida parcialmente y actualizada con la nueva legislación] |
||
| 260 |
_aParís (Francia) _benry Plon, libraire-Editeur _c1855 |
||
| 300 | _a2 v. (viii, 440 ; 441-888 páginas, [1] h. pleg. | ||
| 500 | _aDetalles físicos (colección): Encuadernación rígida de calidad en cartón forrado en papel jaspeado. Lomo de piel, con adornos y letras en dorado; nervaduras sobre costuras. Guardas en papel de agua fino. Anteportada. Portada sencilla, sin ningun | ||
| 500 | _aDetalles físicos V.1: Algún deterioro en el papel de las tapas (pelado y con restos de cintas pegantes). | ||
| 500 | _aDetalles físicos V.2: Algún deterioro en el papel de las tapas (pelado y con restos de cintas pegantes). Papel algo manchado. Al final, incluye un plegable sobre "procedimiento para los juicios hipotecarios". | ||
| 504 | _aIncluye índice. | ||
| 505 | 0 | _aV.1: Advertencias a los alumnos. ; Nociones preliminares. ; Parte primera: Introducción al procedimiento. ; La jurisdicción. ; Las acciones. -- Parte segunda. ; El procedimiento judicial. ; Introducción. ; Procedimientos ante los tribunales: pre | |
| 505 | 0 | _aV.2: Vías en contra de los juicios: ordinarias y extraordinarias. ; Ejecución de los juicios y de los actos. ; Ejecución voluntaria y ejecución forzosa. ; Los procedimientos extrajudiciales. ; Diversas clases. ; Procedimientos relacionados con l | |
| 506 | _aConsulta en sala. | ||
| 546 | _aTexto en francés. | ||
| 650 |
_aDerecho civil _vLibros de texto _ySiglo XIX _912711 |
||
| 650 |
_aDerecho _97494 |
||
| 650 |
_aJurisprudencia civil _xObras anteriores a 1900 _97771 |
||
| 650 |
_aProcedimiento civil _zFrancia _97969 |
||
| 710 | 2 |
_aPlon, Henri _eimp. |
|
| 942 |
_cLIBRO _a8 _e7 _2DEWEY _h347 |
||
| 999 |
_c75647 _d75647 |
||